000 00470nam a22001817a 4500
008 150330b xxu||||| |||| 00| 0 eng d
020 _a9780071769983
041 0 _aeng
080 _a332.5
100 _aTaulli, Tom,
245 1 0 _aAll about commodities /
_cTom Taulli.
260 _aNew York :
_bMcGraw-Hill,
_c2012.
300 _a298 f.:
_b23 cm.
505 _aIndex: f.287-298
650 0 _aArdhja e mallërave
650 0 _aNdryshimi i mallërave
942 _2udc
_cBK
999 _c611
_d611